Rajnaitik padhati : (Record no. 735)

MARC details
000 -LEADER
fixed length control field 00558cam a2200193ua 4500
001 - CONTROL NUMBER
control field 810
005 - DATE AND TIME OF LATEST TRANSACTION
control field 20260515113228.0
008 - FIXED-LENGTH DATA ELEMENTS--GENERAL INFORMATION
fixed length control field 110420n ii |||gr||||Z||||||asm
040 ## - CATALOGING SOURCE
Transcribing agency MAIN
082 ## - DEWEY DECIMAL CLASSIFICATION NUMBER
Classification number 324
245 1# - TITLE STATEMENT
Title Rajnaitik padhati :
Remainder of title America,Sobhiet russia aru lokotantik Chin /
Statement of responsibility, etc. by Birendra Kumar Talukdar
250 ## - EDITION STATEMENT
Edition statement 1st.
260 ## - PUBLICATION, DISTRIBUTION, ETC.
Place of publication, distribution, etc. Dibrugarh:
Name of publisher, distributor, etc. Pathyaputhi prostuti smonoi smiti,975.
300 ## - PHYSICAL DESCRIPTION
Extent 436p.:
Dimensions 25cm.
653 ## - INDEX TERM--UNCONTROLLED
Uncontrolled term Political science
653 ## - INDEX TERM--UNCONTROLLED
Uncontrolled term Rajnaitik padhati
700 ## - ADDED ENTRY--PERSONAL NAME
Personal name Talukdar, Birendra Kumar.,
Relator term Author.
942 ## - ADDED ENTRY ELEMENTS (KOHA)
Koha item type Books
Holdings
Withdrawn status Lost status Damaged status Not for loan Home library Current library Shelving location Date acquired Total checkouts Full call number Barcode Date last seen Copy number Price effective from Koha item type
        Naharkatiya College Library Naharkatiya College Library General stacks 09/19/2020   324 | TAL 413 09/19/2020 1 09/19/2020 Books